000 00306nam a2200121Ia 4500
005 20260328104255.0
008 260328s9999||||xx |||||||||||||| ||und||
100 _aKrauel, Jacobo
245 0 _aMirador :
_b Arquitectura y Paisaje /
_cJacobo Krauel
260 _bLinks
650 _aARQUITECTURA
942 _cBK
999 _c10392
_d10392